Les personnages de Fantastic Four : First Steps - #37 - Statistiques

Statistiques générales
  • Ce quiz a été pris 14 fois
  • Le résultat moyen est 6 sur 13
Statistiques - réponses
Réponse % Correct
Galactus
85%
Johnny Storm / Torche humaine
85%
Reed Richards / Mr.Fantastique
85%
Ben Grimm / La Chose
77%
Susan Storm / Femme invisible
77%
Shalla-Bal / La Surfeuse d'Argent
69%
HERBIE
38%
Franklin Richards
31%
Victor von Doom / Docteur Doom
31%
Harvey Elder / L'Homme-taupe
23%
Giganto
15%
Ivan Kragoff / Le Fantôme rouge
8%
Rachel Rozman
8%
Aucun quiz correspondant
Distribution des résultats
% des personnes avec chaque résultat
Percentile par nombre de réponses
Votre historique - résultats
Vous n’avez pas pris ce quiz